000 01043nam a2200277Ia 4500
003 OSt
005 20221005110027.0
006 a|||||r|||| 00| 0
007 ta
008 221004b |||||||| |||| 00| 0 hin d
020 _a9789386771803 (pbk)
_cINR 150.00
024 _a37723
037 _bBW/1666, 14/03/2018, Bookwell
_cTextual
040 _aCRL
_cCRL
_bhin
041 _2hin
_ahin
082 _aO158,3N43,DK, 152Q8
100 _aगोस्वामी, इंदिरा, ले.
245 0 _aदक्षिणी कामरूप की गाथा
246 _aDakṣhiṇī kāmarūp kī gāthā
260 _aनई दिल्ली
_bसाहित्य अकादेमी भारत
_c2018
300 _a271पृ0
_ccm.
650 _a असमी साहित्य
650 _aअसमी कहानी
942 _hO158,3N43,DK, 152Q8
_cTEXL
_2cc
999 _c1017573
_d1017573